A first course in harmonic analysis /

Bibliographic Details
Main Author: Deitmar, Anton
Corporate Author: SpringerLink (Online service)
Format: eBook
Language:English
Published: New York : Springer, [2005]
Edition:2nd ed.
Series:Universitext
Subjects:
Online Access:Connect to the full text of this electronic book
Publisher description

MARC

Tag First Indicator Second Indicator Subfields
LEADER 00000cam a2200000Ia 4500
001 in00002467997
005 20210817090725.0
006 m d
007 cr cn|||||||||
008 080226s2005 nyua sb 001 0 eng d
020 |a 0387275614 
020 |a 9780387275611 
029 1 |a AU@  |b 000042137180 
035 |a (OCoLC)209821465 
035 |a (OCoLC)ocn209821465 
037 |a 978-0-387-22837-2  |b Springer  |n http://www.springerlink.com 
040 |a GW5XE  |c GW5XE  |d UtOrBLW 
049 |a TEFA 
050 1 4 |a QA403  |b .D44 2005eb 
072 7 |a QA  |2 lcco 
082 0 4 |a 515/.2433  |2 22 
100 1 |a Deitmar, Anton.  |0 http://id.loc.gov/authorities/names/n2001016052 
245 1 2 |a A first course in harmonic analysis /  |c Anton Deitmar. 
250 |a 2nd ed. 
264 1 |a New York :  |b Springer,  |c [2005] 
264 4 |c ©2005 
300 |a xii, 192 pages :  |b illustrations ;  |c 24 cm. 
336 |a text  |b txt  |2 rdacontent 
337 |a computer  |b c  |2 rdamedia 
338 |a online resource  |b cr  |2 rdacarrier 
490 0 |a Universitext  |0 http://id.loc.gov/authorities/names/n42025686 
500 |a Electronic resource. 
504 |a Includes bibliographical references (pages 187-189) and index. 
533 |a Electronic reproduction.  |b New York :  |c Springer,  |d 2008.  |n Mode of access: World Wide Web.  |n System requirements: Web browser.  |n Title from title screen (viewed on Jan. 30, 2008).  |n Access may be restricted to users at subscribing institutions. 
650 0 |a Harmonic analysis.  |0 http://id.loc.gov/authorities/subjects/sh85058939 
650 6 |a Analyse harmonique. 
655 7 |a Electronic books.  |2 local 
710 2 |a SpringerLink (Online service)  |0 http://id.loc.gov/authorities/names/no2005046756 
776 1 |c Original  |z 0387228373  |z 9780387228372  |w (DLC) 2004056613  |w (OCoLC)56386913 
856 4 0 |u http://proxy.library.tamu.edu/login?url=https://dx.doi.org/10.1007/0-387-27561-4  |z Connect to the full text of this electronic book  |t 0 
856 4 2 |3 Publisher description  |u http://www.loc.gov/catdir/enhancements/fy0663/2004056613-d.html  |t 0 
994 |a C0  |b TEF 
999 |a MARS 
999 f f |s 3365723d-5e88-36ec-bee7-c2966d7aa8c4  |i dd1be9ef-e3fd-3027-a9e9-f364b7626007  |t 0 
952 f f |a Texas A&M University  |b College Station  |c Electronic Resources  |d Available Online  |t 0  |e QA403 .D44 2005eb  |h Library of Congress classification 
998 f f |a QA403 .D44 2005eb  |t 0  |l Available Online